000 00358pab a2200157 454500
008 180718b2012 xxu||||| |||| 00| 0 eng d
100 _aRajamani, R.C.
245 _aThe imponderables of the food security bill
260 _c2012
300 _ap.3-6.
362 _aMar
650 _aFood supply
773 _aKurukshetra
908 _aN
909 _a95264
999 _c95264
_d95264